Henny Penny / (Record no. 5291)

MARC details
000 -LEADER
fixed length control field 00890nam a22002897a 4500
001 - CONTROL NUMBER
control field 5291
003 - CONTROL NUMBER IDENTIFIER
control field FISKH
005 - DATE AND TIME OF LATEST TRANSACTION
control field 20241125083413.0
008 - FIXED-LENGTH DATA ELEMENTS--GENERAL INFORMATION
fixed length control field 241125b cb ||||| |||| 00| 0 eng d
020 ## - INTERNATIONAL STANDARD BOOK NUMBER
International Standard Book Number 9780899192253
040 ## - CATALOGING SOURCE
Original cataloging agency FISKH
Language of cataloging eng
Transcribing agency FISKH
Modifying agency FISKH
050 ## - LIBRARY OF CONGRESS CALL NUMBER
Classification number PZ8.C43
082 ## - DEWEY DECIMAL CLASSIFICATION NUMBER
Classification number 398.24528617
100 ## - MAIN ENTRY--PERSONAL NAME
Personal name Galdone, Paul
Dates associated with a name (1907–1986)
245 ## - TITLE STATEMENT
Title Henny Penny /
Statement of responsibility, etc. Retold and Illustrated by Paul Galdone
250 ## - EDITION STATEMENT
Edition statement 1968
260 ## - PUBLICATION, DISTRIBUTION, ETC.
Place of publication, distribution, etc. New York :
Name of publisher, distributor, etc. Claron,
Date of publication, distribution, etc. 1968.
300 ## - PHYSICAL DESCRIPTION
Extent 32 pages :
Other physical details Color illustrations ;
Dimensions 18 cm
505 ## - FORMATTED CONTENTS NOTE
Formatted contents note R<br/>
520 ## - SUMMARY, ETC.
Summary, etc. In a cumulative tale, Henny Penny and her friends are on the way to tell the king that the sky is falling when they are met by a clever fox.
521 8# - TARGET AUDIENCE NOTE
Target audience note 660L<br/>
Source Lexile<br/>
521 8# - TARGET AUDIENCE NOTE
Target audience note R<br/>
Source Raz-Plus<br/>
650 ## - SUBJECT ADDED ENTRY--TOPICAL TERM
Source of heading or term Fiction
Topical term or geographic name entry element Picture book
650 ## - SUBJECT ADDED ENTRY--TOPICAL TERM
Source of heading or term Folktale
Topical term or geographic name entry element Hen
942 ## - ADDED ENTRY ELEMENTS (KOHA)
Source of classification or shelving scheme Dewey Decimal Classification
Koha item type Books
Suppress in OPAC No
Holdings
Withdrawn status Lost status Source of classification or shelving scheme Damaged status Not for loan Collection Home library Current library Shelving location Date acquired Total Checkouts Full call number Barcode Date last seen Copy number Price effective from Koha item type
    Dewey Decimal Classification     Fiction Footprints International School Library Network Toul Kork Campus Footprints International School Library Network Toul Kork Campus TK Primary Library Room(4th Floor), Bookcase 5&6, Shelves 33-56, Orange Books 11/25/2024   GAL 398.24528617 PZ8.C43 FISTK02001 11/25/2024 1 11/25/2024 Books